000 00953nam a2200205Ii 4500
003 JO-AjNU
008 230605s9999||||xx |||||||||||||| ||und||
040 _aJO-AjNU
_bara
_erda
_cJO-AjNU
041 _aara
050 1 4 _aHC462 .M3712 1986
100 3 _aكوجي ماتسوموتو ؛ ترجمة خضير كاظم حمود، محمد أحمد الهاشمي,
_eauthor
_945461
245 0 0 _aالتنظيم لرفع الإنتاجية : دراسة تحليلية للأنظمة اليابانية وممارستها
264 3 1 _aعمان:المنظمة العربية للعلوم الإدارية،1986
300 _a126ص
336 _atext
_btxt
_2rdacontent
337 _aunmediated
_bn
_2rdamedia
338 _avolume
_bnc
_2rdacarrier
490 0 _aسلسلة بحوث ودراسات / المنظمة العربية للتنمية الإدارية 308 
650 4 _aالادارة العامة-ادارة الانتاج-اليابان
_945462
999 _aA19709
_c23277
_d23277